000
00352nam a2200145Ia 4500
008
210716s1975 xx 000 0 und d
041
_a
eng
082
_a
657 HENE
100
_a
Hendriksen, Eldon S.
245
_a
Accounting theory.
250
_a
12
260
_a
London
_b
Richard D Irwin, Inc
_c
1975
300
_a
ix,643
650
_a
Accounting(657)
999
_c
202239
_d
202239